Exekutívne informačné systémy - doména veľkých podnikov?

Analýza využívania exekutívnych informačných systémov v slovenskej podnikovej praxi. Výskum sa uskutočnil na vzorke 230 podnikov s cieľom zistiť podiel využívania exekutívnych informačných systémov v rôzne veľkých podnikoch. Štatistické vyhodnotenie výskumu.

Guardado en:
Detalles Bibliográficos
Autor principal: Sudzina, František
Formato: Capítulo de libro
Lenguaje:eslovaco
inglés
Materias:
Etiquetas: Agregar Etiqueta
Sin Etiquetas, Sea el primero en etiquetar este registro!

MARC

LEADER 00000naa$a2200000$$$4500
001 0007534
005 20240502071351.9
041 0 |a slo 
041 0 |a eng 
044 |a SK 
245 1 0 |a Exekutívne informačné systémy - doména veľkých podnikov?  |c aut. František Sudzina 
520 |a Analýza využívania exekutívnych informačných systémov v slovenskej podnikovej praxi. Výskum sa uskutočnil na vzorke 230 podnikov s cieľom zistiť podiel využívania exekutívnych informačných systémov v rôzne veľkých podnikoch. Štatistické vyhodnotenie výskumu. 
610 2 0 |a systémy informačné 
610 2 0 |a systémy informačné riadiace 
610 2 0 |a systémy informačné manažérske 
610 2 0 |a riadenie strategické 
610 2 0 |a systémy informačné exekutívne 
610 2 0 |a podnik 
610 2 0 |a Slovensko 
610 2 0 |a analýzy 
100 1 |a Sudzina, František